Lograithmic integral (Record no. 494172)

MARC details
000 -LEADER
fixed length control field 00717nam a2200253Ia 4500
003 - CONTROL NUMBER IDENTIFIER
control field OSt
005 - DATE AND TIME OF LATEST TRANSACTION
control field 20220925175649.0
008 - FIXED-LENGTH DATA ELEMENTS--GENERAL INFORMATION
fixed length control field 220923b |||||||| |||| 00| 0 eng d
037 ## - SOURCE OF ACQUISITION
Terms of availability General Book
040 ## - CATALOGING SOURCE
Original cataloging agency RTL
Transcribing agency RTL
Language of cataloging eng
041 ## - LANGUAGE CODE
Source of code eng
Language code of text/sound track or separate title eng
100 ## - MAIN ENTRY--PERSONAL NAME
Personal name Koosis Paul
9 (RLIN) 249411
245 #0 - TITLE STATEMENT
Title Lograithmic integral
260 ## - PUBLICATION, DISTRIBUTION, ETC.
Place of publication, distribution, etc. Cambridge
Name of publisher, distributor, etc. Cambridge University Press
Date of publication, distribution, etc. 1988
300 ## - PHYSICAL DESCRIPTION
Extent xvi,606p
Dimensions cm.
490 ## - SERIES STATEMENT
Series statement Cambridge Studies in Advanced Mathematics, 12
500 ## - GENERAL NOTE
General note Bibliography:P596-599
650 ## - SUBJECT ADDED ENTRY--TOPICAL TERM
Topical term or geographic name entry element Special Functions
942 ## - ADDED ENTRY ELEMENTS (KOHA)
Classification part B394M, M8.1
Koha item type General Books
Source of classification or shelving scheme Colon Classification (CC)
Holdings
Withdrawn status Lost status Damaged status Not for loan Home library Current library Date acquired Total Checkouts Full call number Barcode Date last seen Price effective from Koha item type
        Ratan Tata Library Ratan Tata Library 2022-09-25   B394M M8.1 RT1049883 2022-09-25 2022-09-25 General Books
Copyright @ Delhi University Library System